| Поле | Инд. | ПП | Название | Значение |
|---|---|---|---|---|
| Тип записи | a | |||
| Библиографический уровень | b | |||
| 001 | Контрольный номер | RU/IS/BASE/516802066 | ||
| 005 | Дата корректировки | 20200630193203.8 | ||
| 008 | Кодируемые данные | 20160517 | ||
| 040 | b | Код языка каталог. | rus | |
| e | Правила каталог. | PSBO | ||
| 041 | 0_ | a | Код языка текста | rus |
| 084 | a | Индекс другой классификации/Индекс ББК | 66.3(2Рос),4; 60.028.131 | |
| 100 | 1_ | a | Автор | Кирницкий В. В. |
| q | Полное имя | Кирницкий Владимир Владимирович | ||
| 245 | 10 | a | Заглавие | Поликультурный подход как основа формирования патриотических ценностей современной молодежи |
| 504 | a | Библиография | Библиогр. ссылки | |
| 520 | 0_ | a | Аннотация | В эпоху глобализации патриотизм, присущий представителям всех типов культур, позволяет бесконфликтно сосуществовать, сотрудничать, вести диалог, сохраняя самобытность в поликультурном социтально-политическом пространстве. Патриотизм как ценность выступает связующей нитью поколений, фактором объединения разнородного российского общества |
| 650 | 14 | a | Основная рубрика | внутренняя политика |
| a | Основная рубрика | политика | ||
| a | Основная рубрика | социальная философия | ||
| a | Основная рубрика | философия | ||
| 653 | a | Ключевые слова | культура | |
| a | Ключевые слова | молодежь | ||
| a | Ключевые слова | патриотизм | ||
| a | Ключевые слова | патриотическая идеология | ||
| a | Ключевые слова | патриотическое воспитание | ||
| a | Ключевые слова | российское общество | ||
| a | Ключевые слова | Россия | ||
| 773 | 08 | t | Заглавие источника | Социально-гуманитарные знания |
| d | Дата издания источника | 2015 | ||
| g | Прочая информация | № 5. - С. 330 - 335 | ||
| w | Контрольный № источника | RU/IS/BASE/500053067 | ||
| 901 | t | Тип документа | b |